Условия формирования и геометризация келловей-волжских природных резервуаров Лугинецкой зоны нефтегазонакопления (Томская область): диссертация на соискание ученой степени кандидата геолого-минералогических наук; спец. 25.00.16

Bibliografske podrobnosti
Glavni avtor: Жилина Е. Н. Елена Николаевна
Korporativna značnica: Национальный исследовательский Томский политехнический университет (ТПУ) Институт природных ресурсов (ИПР) Кафедра геологии и разработки нефтяных месторождений (ГРНМ)
Drugi avtorji: Чернова О. С. Оксана Сергеевна (научный руководитель)
Izvleček:Заглавие с титульного экрана
Электронная версия печатной публикации
Jezik:ruščina
Izdano: Томск, [Б. и.], 2015
Teme:
Online dostop:http://earchive.tpu.ru/handle/11683/30603
Format: MixedMaterials Elektronski Knjiga
KOHA link:https://koha.lib.tpu.ru/cgi-bin/koha/opac-detail.pl?biblionumber=318553

MARC

LEADER 00000nlm0a2200000 4500
001 318553
005 20231227135607.0
035 |a (RuTPU)RU\TPU\book\344051 
035 |a RU\TPU\book\344044 
090 |a 318553 
100 |a 20160427j20151217k y0rusy50 ca 
101 0 |a rus 
102 |a RU 
105 |a a m 001zy 
135 |a drcn ---uucaa 
181 0 |a i  
182 0 |a b 
200 1 |a Условия формирования и геометризация келловей-волжских природных резервуаров Лугинецкой зоны нефтегазонакопления (Томская область)  |e диссертация на соискание ученой степени кандидата геолого-минералогических наук  |e спец. 25.00.16  |f Е. Н. Жилина  |g Национальный исследовательский Томский политехнический университет (ТПУ) ; науч. рук. О. С. Чернова 
203 |a Текст  |c электронный 
210 |a Томск  |c [Б. и.]  |d 2015 
215 |a 1 файл (6.47 Mb) 
300 |a Заглавие с титульного экрана 
300 |a Электронная версия печатной публикации 
452 1 |0 (RuTPU)RU\TPU\book\337665  |t Условия формирования и геометризация келловей-волжских природных резервуаров Лугинецкой зоны нефтегазонакопления (Томская область)  |o диссертация на соискание ученой степени кандидата геолого-минералогических наук  |o спец. 25.00.16  |f Е. Н. Жилина  |g Национальный исследовательский Томский политехнический университет (ТПУ) ; науч. рук. О. С. Чернова  |c Томск  |d 2015  |p 276 л.  |a Жилина, Елена Николаевна 
606 1 |a Нефтегазовые пласты-коллекторы  |x Исследование  |2 stltpush  |3 (RuTPU)RU\TPU\subj\71974  |9 85623 
610 1 |a диссертации 
610 1 |a электронный ресурс 
610 1 |a труды учёных ТПУ 
610 1 |a формирование 
610 1 |a геометризация 
610 1 |a келловей-волжские отложения 
610 1 |a нефтегазонакопления 
610 1 |a Томская область 
610 1 |a геологическое строение 
610 1 |a литологическая характеристика 
610 1 |a литолого-генетические типы 
610 1 |a фации 
610 1 |a литолого-петрофизическая неоднородность 
610 1 |a месторождения 
675 |a 552.578.2.061.4.08(04)  |v 3 
686 |a 25.00.16  |2 oksvnk 
700 1 |a Жилина  |b Е. Н.  |c геолог  |c старший преподаватель Томского политехнического университета  |f 1970-  |g Елена Николаевна  |3 (RuTPU)RU\TPU\pers\35466 
702 1 |a Чернова  |b О. С.  |c специалист в области нефтегазового дела  |c профессор Томского политехнического университета, доктор геолого-минералогических наук  |f 1967-  |g Оксана Сергеевна  |3 (RuTPU)RU\TPU\pers\26243  |4 727  |9 12029 
712 0 2 |a Национальный исследовательский Томский политехнический университет (ТПУ)  |b Институт природных ресурсов (ИПР)  |b Кафедра геологии и разработки нефтяных месторождений (ГРНМ)  |3 (RuTPU)RU\TPU\col\18657 
801 2 |a RU  |b 63413507  |c 20160705  |g RCR 
856 4 |u http://earchive.tpu.ru/handle/11683/30603 
942 |c CF